000 01151cam a2200349Ia 4500
001 93396
005 20230410132921.0
008 791220m19779999sp 000 0 spa
010 _a 79129226
035 _a(OCoLC)ocm17063150
040 _aDLC
_cDLC
_dOCL
_dPBR
_dUBA
_dOCLCQ
_dBAKER
_dYDXCP
020 _a9788424933411 (v. 2)
020 _a9788424918533 obras completas
029 1 _aAU@
_b000024501952
035 _a(OCoLC)17063150
041 1 _aspa
_hgrc
050 1 4 _aB 171
_bB582 1977
049 _aGRAL
100 0 _aSeneca, Lucius Annaeus,
_dca. 4 B.C.-65 A.D.
245 1 0 _aTragedias II /
_cSéneca ; Fedra. Edipo. Agamenon. Tiestes. Hércules en el Eta. Octavia.
260 _aMadrid :
_bGredos,
_c1977
300 _a430 p. ;
_c20 cm.
440 0 _aBiblioteca clásica Gredos ;
_vn.27
500 _aTranslation from the Greek.
650 0 _aPhilosophy, Classical.
650 0 _aPhilosophy, Ancient.
650 0 _aPhilosophers, Ancient
_xBiography
938 _aBaker & Taylor
_bBKTY
_c48.95
_d48.95
_i8424935284
_n0006974780
_sactive
938 _aYBP Library Services
_bYANK
_n2650389
942 _2lcc
_cbk
994 _aC0
_bDRFGD
999 _c90162
_d90162